000 00900nam a2200265 i 4500
001 bg
245 1 0 _aTramwaje we Wrocławiu 1877-2006 :
_bpraca zbiorowa /
_cpod red. Krzysztofa Lewandowskiego, Bogusława Moleckiego ; [aut. Anna Gajna et al.].
260 _aWrocław :
_bOficyna Wydawnicza Politechniki Wrocławskiej,
_c2006.
300 _a65, [1] s. :
_brys. ;
_c30 cm.
504 _aBibliogr. przy pracach.
650 9 _aTramwaje
_zNiemcy
_y19-20 w.
650 9 _aTramwaje
_zPolska
_y20-21 w.
651 9 _aWrocław (woj. dolnośląskie)
_xkomunikacja
_xhistoria
700 1 _aLewandowski, Krzysztof.
_eRed.
700 1 _aMolecki, Bogusław
_eRed.
700 1 _aGajna, Anna
020 _a837085964X
040 _cBPK
041 0 _apol
044 _aPOL
080 _a625.46:656.34](438:430)"18/20"
920 _a83-7085-964-X
942 _cKS
008 s pl f |000 0 pol
999 _c54776
_d54776
856 _uhttp://koha.tu.koszalin.pl/cgi-bin/koha/opac-detail.pl?biblionumber=54776
_yKatalog online BPK